Central Library OPAC University of Rajshahi

Accounting theory and practice : (Record no. 61066)

MARC details
000 -LEADER
fixed length control field 00776nam a2200253 a 4500
001 - CONTROL NUMBER
control field 61066
003 - CONTROL NUMBER IDENTIFIER
rucl marc code BD-RjUL
005 - DATE AND TIME OF LATEST TRANSACTION
control field 20211209080922.0
008 - FIXED-LENGTH DATA ELEMENTS--GENERAL INFORMATION
fixed length control field 170115s1960 nyuak 000 0 eng d
035 ## - SYSTEM CONTROL NUMBER
System control number BD-RjUL 61190
040 ## - CATALOGING SOURCE
Original cataloging agency DLC
Transcribing agency MTH
Modifying agency OCLCQ
-- MYG
-- BD-RjUL
Language of cataloging eng
041 ## - LANGUAGE CODE
Language code of text/sound track or separate title eng
082 ## - DEWEY DECIMAL CLASSIFICATION NUMBER
Edition number 23
Classification number 657
Author mark and year MIA 1960
100 ## - MAIN ENTRY--PERSONAL NAME
Personal name Milroy, Robert R
9 (RLIN) 182241
245 10 - TITLE STATEMENT
Title Accounting theory and practice :
Remainder of title Intermediate /
Statement of responsibility, etc. Robert R Milroy; Robert E Walden
260 ## - PUBLICATION, DISTRIBUTION, ETC. (IMPRINT)
Place of publication, distribution, etc. Boston :
Name of publisher, distributor, etc. Houghton Mifflin,
Date of publication, distribution, etc. 1960.
300 ## - PHYSICAL DESCRIPTION
Pagination xi, 681 p.
Illustrations ill. ;
Size 23 cm.
504 ## - BIBLIOGRAPHY, ETC. NOTE
Bibliography, etc Includes index
650 #0 - SUBJECT ADDED ENTRY--TOPICAL TERM
Topical term or geographic name as entry element Accounting.
9 (RLIN) 175106
942 ## - ADDED ENTRY ELEMENTS (KOHA)
Source of classification or shelving scheme Dewey Decimal Classification
Koha item type Books
946 ## - LOCAL PROCESSING INFORMATION (OCLC)
a t
949 #0 - LOCAL PROCESSING INFORMATION (OCLC)
a c
b RSC
c HDC
o 0
p 39080025612737
x 15
y HDC ITEM
h HF5625.K35x 1917
Holdings
Lost status Source of classification or shelving scheme Damaged status Not for loan Collection code Permanent Location Current Location Shelving location Date acquired Source of acquisition Cost, normal purchase price Total Checkouts Full call number Date last seen Copy number Koha item type
  Dewey Decimal Classification   Not For Loan Non-fiction Central Library, University of Rajshahi Central Library, University of Rajshahi Reading Room 26/10/1968 Zeetlinger 0.00   657 MIA 1960 15/01/2017 C-1 Books
  Dewey Decimal Classification     Non-fiction Central Library, University of Rajshahi Central Library, University of Rajshahi   26/10/1968 Zeitlinger 87.00   657 MIA 1960 19/03/2019 C-2 Books
  Dewey Decimal Classification     Non-fiction Central Library, University of Rajshahi Central Library, University of Rajshahi   26/10/1968 Zeitlinger 87.00   657 MIA 1960 19/03/2019 C-3 Books
  Dewey Decimal Classification     Non-fiction Central Library, University of Rajshahi Central Library, University of Rajshahi   26/10/1968 zeitlinger 87.00   657 MIA 1960 21/03/2019 C-4 Books